Holiday Quiz

Random Holiday or Clickable Quiz

If Movies Gave Thanks Quiz Stats

 Plays Quiz Updated Nov 27, 2019

Score 0/18 Timer 06:00
76 Plays Today
% Correct
Harry Potter and the Half-Baked Turkey
93.6%
Jurassic World: Fallen Pie Crust
93.2%
The Great Muppet Casserole
93.2%
Star Trek: The Wrath of Cran
93%
A Good Day to Diet Hard
92.8%
The Chronicles of Narnia: The Leftovers, the Witch and the Wardrobe
92.7%
The Silence of the Hams
92.5%
Beauty and the Beets
92.1%
The Dark Meat Rises
91.4%
% Correct
Alien vs. Puritans
91%
Captain America: Wishbone Soldier
90.2%
The Bourne Cornucopia
89.4%
Raiders of the Lost Giblets
89.1%
Suicide Squash
88.4%
Austin Powers: The Pie Who Baked Me
88.2%
Mission Impossible: Rolls Nation
85.7%
The Hunt for Red November
85.1%
Butterball
80.2%

You're not logged in!

Compare scores with friends on all Sporcle quizzes.
OR
Log In

Sporcle TV

Today on Sporcle TV


Watch our educational content, quiz creation guides, and fun videos on Sporcle TV.

Show Comments

Extras

Top Quizzes Today


Score Distribution

Your Account Isn't Verified!

In order to create a playlist on Sporcle, you need to verify the email address you used during registration. Go to your Sporcle Settings to finish the process.

Report this User

Report this user for behavior that violates our Community Guidelines.

Details: